Методы и технические средства очистки нефтесодержащих сточных вод

Dades bibliogràfiques
Altres autors: Кузнецова Е. В. Елена Викторовна, Туктамышев А. Ф. Айдар Фанович, Болгова А. С. Анна Сергеевна, Магид А. Б. Александр Борисович, Мастобаев Б. Н. Борис Николаевич
Sumari:Обобщен исторический опыт канализования городских поселений и промышленных предприятий в мире. Выявлены основные тенденции в развитии технологий и технических средств очистки стоков, которые представляют большой интерес при определении дальнейших направлений развития систем канализации в России. Рассмотрены и проанализированы существующие на различных исторических этапах методы и технические средства, применяемые для охраны окружающей среды от загрязнений нефтью и нефтепродуктами и для очистки нефтесодержащих сточных вод в зависимости от политико-экономических ситуаций и уровня развития науки и техники. Для широкого крута специалистов, занимающихся вопросами охраны окружающей среды, канализованием промышленных предприятий, а также преподавателей, студентов и аспирантов вузов нефтяного и строительного профилей.
Idioma:rus
Publicat: СПб., Недра, 2006
Matèries:
Format: MixedMaterials Llibre
KOHA link:https://koha.lib.tpu.ru/cgi-bin/koha/opac-detail.pl?biblionumber=122533

MARC

LEADER 00000nam0a2200000 4500
001 122533
005 20231031130058.0
010 |a 5940890822 
035 |a (RuTPU)RU\TPU\book\132662 
090 |a 122533 
100 |a 20071004d2006 km y0rusy50 ca 
101 0 |a rus 
102 |a RU 
105 |a a z 001zy 
200 1 |a Методы и технические средства очистки нефтесодержащих сточных вод  |f Е. В. Кузнецова [и др.] 
210 |a СПб.  |c Недра  |d 2006 
215 |a 192 с.  |c ил. 
320 |a Библиогр.: с. 180-189. 
330 |a Обобщен исторический опыт канализования городских поселений и промышленных предприятий в мире. Выявлены основные тенденции в развитии технологий и технических средств очистки стоков, которые представляют большой интерес при определении дальнейших направлений развития систем канализации в России. Рассмотрены и проанализированы существующие на различных исторических этапах методы и технические средства, применяемые для охраны окружающей среды от загрязнений нефтью и нефтепродуктами и для очистки нефтесодержащих сточных вод в зависимости от политико-экономических ситуаций и уровня развития науки и техники. Для широкого крута специалистов, занимающихся вопросами охраны окружающей среды, канализованием промышленных предприятий, а также преподавателей, студентов и аспирантов вузов нефтяного и строительного профилей. 
610 1 |a природоохранная деятельность 
610 1 |a Россия 
610 1 |a зарубежные страны 
610 1 |a история 
610 1 |a канализация 
610 1 |a очистные сооружения 
610 1 |a развитие 
610 1 |a нефтесодержащие отходы 
610 1 |a очистка 
610 1 |a технологические средства 
610 1 |a технические средства 
610 1 |a исторические этапы 
610 1 |a нефтепродукты 
610 1 |a извлечение 
610 1 |a древние века 
610 1 |a 19 век 
610 1 |a 20 век 
610 1 |a 21 век 
610 1 |a сточные воды 
675 |a 628.31  |v 3 
701 1 |a Кузнецова  |b Е. В.  |g Елена Викторовна 
701 1 |a Туктамышев  |b А. Ф.  |g Айдар Фанович 
701 1 |a Болгова  |b А. С.  |g Анна Сергеевна 
701 1 |a Магид  |b А. Б.  |g Александр Борисович 
701 1 |a Мастобаев  |b Б. Н.  |g Борис Николаевич 
801 1 |a RU  |b 63413507  |c 20071004  |g PSBO 
801 2 |a RU  |b 63413507  |c 20150724  |g PSBO 
942 |c BK 
959 |a 68/20071004  |d 2  |e 300,00  |f АНЛ:1  |f ЧЗТЛ:1